00891cam a2200241 a 450000100100000000500170001000800410002703500190006804000360008708200190012310000480014224500720019026000370026230000200029949000360031965000310035565000420038683000460042891000280047404900090050295201230051199900150063400001023420200929162217.0820526s1973 ve 000 p spa  a(DLC) 76867655 aDO-SdBNPbspacCarPdDLCdBNPHU aV861.44bR741e1 aRojas Guardia, Pablo.,d1909 - 1978.92073010aEspejos de noviembre para sueños de abril /cPablo Rojas Guardia. aCaracas :bMonte Ávila,c1973. a95 p. ;c16 cm.1 aBiblioteca popular eldoradov82 4aPoesìa venezolana917326 4aLiteratura venezolanaySIGLO XX99777 0aBiblioteca popular eldorado ;v82.916894 aCatalogación derivada aBNGR 001052708MOaGRbGRcCTd2009-10-05iLF1l0oV861.44 R741ep10234-10r2020-06-25w2020-06-25y2ZPréstamo interno c9993d9993